LEADER 01008nam a22002771i 4500 001 991003992099707536 005 20040709104831.0 008 040802s1967 it |||||||||||||||||ita 035 $ab13157206-39ule_inst 035 $aARCHE-110981$9ExL 040 $aBiblioteca Interfacoltà$bita$cA.t.i. Arché s.c.r.l. Pandora Sicilia s.r.l. 082 04$a923 100 1 $aBelloc, Hilaire$0438772 245 10$aNapoleone /$cdi Hilaire Belloc ; traduzione di Vezio Melegari 260 $aMilano :$bLonganesi & C.,$c[1967] 300 $a284 p. ;$c19 cm 440 2$aI libri pocket ;$v113 600 04$aNapoleone$c(Imperatore dei francesi ;$b1) 700 1 $aMelegari, Vezio 765 0 $tNapoleon 907 $a.b13157206$b02-04-14$c05-08-04 912 $a991003992099707536 945 $aLE002 Fondo Giudici Q 324$g1$iLE002G-15848$lle002$nC. 1$o-$pE0.00$q-$rn$so $t0$u0$v0$w0$x0$y.i13796069$z05-08-04 996 $aNapoleone$9311339 997 $aUNISALENTO 998 $ale002$b05-08-04$cm$da $e-$fita$git $h0$i1 LEADER 01600nam 2200505 450 001 9910823422303321 005 20230126214418.0 010 $a1-943028-13-3 035 $a(CKB)3710000000658715 035 $a(EBL)4523109 035 $a(MiAaPQ)EBC4523109 035 $a(Au-PeEL)EBL4523109 035 $a(CaPaEBR)ebr11210003 035 $a(CaONFJC)MIL948581 035 $a(OCoLC)949883827 035 $a(EXLCZ)993710000000658715 100 $a20160530h20142014 uy 0 101 0 $aeng 135 $aur|n|---||||| 181 $2rdacontent 182 $2rdamedia 183 $2rdacarrier 200 10$aEconomic security $ehow should we take charge of our future /$fTony Wharton 210 1$aAshland, Oregon :$cNational Issues Forums Institute,$d2014. 210 4$d©2014 215 $a1 online resource (12 p.) 300 $aDescription based upon print version of record. 327 $aCover; Introduction; Option One: Act More Responsibly with Our Money; What we could do; Option Two: Look Out for Each Other; What we could do; Option Three: Grow Our Way Out; What we could do 606 $aEconomic security 606 $aDistributive justice 606 $aLabor policy 606 $aSocial rights 615 0$aEconomic security. 615 0$aDistributive justice. 615 0$aLabor policy. 615 0$aSocial rights. 676 $a339.41 700 $aWharton$b Tony$01599563 801 0$bMiAaPQ 801 1$bMiAaPQ 801 2$bMiAaPQ 906 $aBOOK 912 $a9910823422303321 996 $aEconomic security$94110740 997 $aUNINA